2-Syllable Rhyming Answers #2 - Statistics

General Stats
  • This quiz has been taken 10,353 times
  • The average score is 12 of 20
Answer Stats
Hint Answer % Correct
Paw warmer for a baby cat Kitten Mitten
96%
Fake small horse Phony Pony
84%
Old West bar painted a deep red color Maroon Saloon
78%
Person who despises Florida reptiles Gator Hater
77%
Shellfish in the capital of Belgium Brussels Mussels
72%
Somebody who commits an immoral act during supper Dinner Sinner
72%
Cartoon mouse covered in honey Sticky Mickey
69%
The most intelligent painter Smartest Artist
67%
John Deere as a Hollywood star Tractor Actor
64%
Oversized SUV for percussionists Drummer Hummer
63%
Person who donates a large internal organ Liver Giver
61%
Somebody who murders an oil worker Driller Killer
53%
Place where Macintoshes go to get married Apple Chapel
52%
A sensation of recovering from injury Healing Feeling
52%
Snoopy, as an attorney Legal Beagle
50%
Brother or sister who raises trivial objections Quibbling Sibling
42%
Usain in the month of January Winter Sprinter
36%
Church speech from Klaus German Sermon
34%
When timber takes a nap Lumber Slumber
32%
Argument about the capital of Lebanon Beirut Dispute
28%
No matching quizzes found
Score Distribution
Percent of People with Each Score
Percentile by Number Answered
Your Score History
You have not taken this quiz